Statistics for Movies By 1 Actor and 1 Actress - Ben Stiller Edition

Click here to take the quiz!

General Stats

  • This quiz has been taken 17 times
  • The average score is 7 of 26

Answer Stats

CastMovie% Correct
Robin Williams, Carla GuginoNight at the Museum
82%
Robert De Niro, Teri PoloMeet the Parents
71%
Milla Jovovich, Will FerrellZoolander
71%
Vince Vaughn, Christine TaylorDodgeball
53%
Chris Rock, Jada Pinkett SmithMadagascar
41%
Jennifer Aniston, Philip Seymour HoffmanAlong Came Polly
35%
Gene Hackman, Gwyneth PaltrowThe Royal Tenenbaums
35%
Edward Norton, Jenna ElfmanKeeping the Faith
24%
Owen Wilson, Juliette LewisStarsky & Hutch
24%
Jim Carrey, Leslie MannThe Cable Guy
24%
Adam Sandler, Emma ThompsonThe Meyerowitz Stories
24%
Leslie Mann, Patton OswaltThe Secret Life of Walter Mitty
24%
Christian Bale, Paula HamiltonEmpire of the Sun
18%
Winona Ryder, Etham HawkeReality Bites
18%
Michelle Monaghan, Jerry StillerThe Heartbreak Kid
18%
Jonah Hill, Rosemarie DewittThe Watch
18%
Eddie Murphy, Tea LeoniTower Heist
18%
Jesse Eisenberg, Vanessa WilliamsHe's Way More Famous Than You
12%
Anne Hathaway, Chiwetel EjioforLocked Down
12%
Drew Barrymore, Justin TherouxDuplex
6%
Patricia Arquette, Alan AldaFlirting with Disaster
6%
Molly Ringwald, Viggo MortensenFresh Horses
6%
John Cusack, Wendy GazelleHot Pursuit
6%
Patrick Swayze, Helen HuntNext of Kin
6%
Anne Meara, Robert Downey Jr.That's Adequate
6%
Naomi Watts, Adam HorivitzWhile We're Young
6%

Score Distribution

Percentile by Number Answered

Percent of People with Each Score

Your Score History

You have not taken this quiz